| 000 | 00346 a2200157 4500 | ||
|---|---|---|---|
| 001 | 75653 | ||
| 020 | _a850806165x | ||
| 040 | _cAnchieta - Colégio São Paulo | ||
| 100 | _aMachado, Ana Maria | ||
| 240 | 1 | 0 |
_aAmigos secretos _lpor |
| 245 | 1 | 0 | _aAmigos secretos |
| 300 | _a122 | ||
| 362 | 0 | _a1996 | |
| 650 | 4 | _aLiteratura juvenil | |
| 942 | _cBK | ||
| 999 |
_c75653 _d75653 |
||